000
00276 a2200145 4500
001
175681
020
_a
040
_c
Magnum
100
_a
-
240
1
0
_a
Pai, mae
_l
por
245
1
0
_a
Pai, mae
362
0
_a
1899
697
_a
MAGNITO: EDUCACAO DO TRANSITO
942
_c
BK
999
_c
175681
_d
175681